All Ballon d'Or Winners (1956-2025) - Statistics

General Stats
  • This quiz has been taken 24 times
  • The average score is 40 of 69
Answer Stats
Year Winner % Correct
2009 Lionel Messi
100%
1997 Ronaldo
100%
2018 Luka Modric
95%
2025 Ousmane Dembele
95%
2024 Rodri
95%
2005 Ronaldinho
90%
2008 Cristiano Ronaldo
86%
1999 Rivaldo
86%
1998 Zinedine Zidane
86%
2007 Kaka
81%
2022 Karim Benzema
81%
2010 Lionel Messi 2
76%
2011 Lionel Messi 3
76%
2012 Lionel Messi 4
76%
2015 Lionel Messi 5
76%
2019 Lionel Messi 6
76%
2021 Lionel Messi 7
76%
2001 Michael Owen
76%
2013 Cristiano Ronaldo 2
71%
2014 Cristiano Ronaldo 3
71%
2016 Cristiano Ronaldo 4
71%
2006 Fabio Cannavaro
71%
2023 Lionel Messi 8
71%
2000 Luis Figo
71%
2017 Cristiano Ronaldo 5
67%
1972 Franz Beckenbauer
67%
1988 Marco Van Basten
67%
1983 Michel Platini
67%
2002 Ronaldo 2
67%
1957 Alfredo Di Stefano
62%
2004 Andriy Shevchenko
62%
1968 George Best
62%
1995 George Weah
62%
1971 Johan Cruyff
62%
1963 Lev Yashin
62%
2003 Pavel Nedved
62%
1993 Roberto Baggio
62%
1965 Eusebio
57%
1970 Gerd Muller
57%
1976 Franz Beckenbauer 2
43%
1994 Hristo Stoichkov
43%
1973 Johan Cruyff 2
43%
1974 Johan Cruyff 3
43%
1990 Lothar Matthaus
43%
1960 Luis Suarez
43%
1989 Marco Van Basten 2
43%
1984 Michel Platini 2
43%
1982 Paolo Rossi
43%
1987 Ruud Gullit
43%
1966 Bobby Charlton
38%
1964 Denis Law
38%
1991 Jean-Pierre Papin
38%
1980 Karl-Heinz Rummenigge
38%
1978 Kevin Keegan
38%
1992 Marco Van Basten 3
38%
1996 Matthias Sammer
38%
1985 Michel Platini 3
38%
1958 Raymond Kopa
38%
1959 Alfredo Di Stefano 2
33%
1975 Oleg Blokhin
33%
1967 Florian Albert
29%
1981 Karl-Heinz Rummenigge 2
29%
1956 Stanley Matthews
29%
1977 Allan Simonsen
24%
1969 Gianni Rivera
24%
1986 Igor Belanov
24%
1962 Josef Masopust
24%
1979 Kevin Keegan 2
24%
1961 Omar Sivori
19%
No matching quizzes found
Score Distribution
Percent of People with Each Score
Percentile by Number Answered
Your Score History
You have not taken this quiz